01429nam a2200325 a 4500001001000000003000500010005001700015008004100032010001100073011001100084040000900095090001000104100003400114245015400148260004100302500006000343502011600403590004000519590004000559650003800599650004500637650003300682856007000715901000700785942001000792942000600802999001900808952013600827952014000963000112534CHAP20220329144311.0160613s2016 mx sm |||||||spa d a108995 a109967 cCHAP aTesis1 aRivera Mejía, Silvia99769310aAnálisis de la competitividad del cultivo de tomate en agricultura protegida, en Valles Centrales, Oaxacah[En línea]cpor Silvia Rivera Mejía. aChapingo, Méx. :bEl autor,c2016. aPara ver el contenido del material haga clic en la liga aTesis (Ph. D. en Ciencias en Economía Agrícola) -- UACH. División de Ciencias Económico Administrativas aE5765TAJb05c20160613lUCH01h0926 aE5765TAJb05c20160613lUCH01h092614aSistemas de producción.910676714aTomatexCultivos en invernadero.911370414aTomatexRendimiento.9113761 aFinding aiduhttp://10.13.5.2/tesis/sist112534.pdfzTeclea aquí aBK cTESIS n0 c108995d108995 00104054718TESISaBCbBCd2016-06-13fTESISl0oTesisp33724002523595r2019-12-31 00:00:00w2019-12-31yTESISzRecien adquirido 00102local4053708TESISaBCbBCcPA_TESISd2016-06-13fTESISl0oTesisp33724002523637r2019-12-31 00:00:00tc.2w2019-12-31yTESIS